| 000 | 00636nam a2200181Ia 4500 | ||
|---|---|---|---|
| 008 | 100921s9999 xx 000 0 und d | ||
| 082 |
_b29731 _a891.463 0 |
||
| 100 | _aदेसाई अरूणा. | ||
| 245 | _aचिंटूचा अभ्यास. | ||
| 260 |
_bप्रपंच प्रकाशन, पुण्ेा. _c0 |
||
| 300 |
_a104 _bरसिक साहित्य,पुणे |
||
| 365 | _b50 | ||
| 520 | _aललित-कथा. | ||
| 630 | _aचिंटूचा अभ्यास. | ||
| 650 | _aललित-कथा. | ||
| 730 | _aचिंटूचा अभ्यास. | ||
| 942 | _cBOOK | ||
| 999 |
_c778844 _d778841 |
||